[Event "HUN-chT2 Erkel 1617"]
[Site "Hungary"]
[Date "2016.12.11"]
[Round "6.9"]
[White "Balogh, Pal"]
[Black "Kocsis, Jozsef"]
[Result "1/2-1/2"]
[WhiteElo "1846"]
[BlackElo "1859"]
[PlyCount "36"]
[EventDate "2016.09.25"]
[EventType "team-tourn"]
[EventRounds "11"]
[EventCountry "HUN"]
[SourceTitle "EXT 2021"]
[Source "ChessBase"]
[SourceDate "2020.10.23"]
[SourceVersion "1"]
[SourceVersionDate "2020.10.23"]
[SourceQuality "1"]
[WhiteTeam "Gyongyos Matra"]
[BlackTeam "Sarkany DSE"]
[WhiteTeamCountry "HUN"]
[BlackTeamCountry "HUN"]

1. e4 c5 2. d4 cxd4 3. Nf3 Nc6 4. Nxd4 g6 5. Be3 Nf6 6. Nc3 Bg7 7. Be2 0-0 8. 0-0 d5 9. exd5 Nxd5 10. Nxd5 Qxd5 11. Bf3 Qc4 12. Nxc6 bxc6 13. c3 Be6 14. Qc1 a5 15. Rd1 Rfd8 16. Rxd8+ Rxd8 17. Bb6 Ra8 18. Qd2 Bd5 1/2-1/2

[Event "HUN-chT2 Erkel 1011"]
[Site "Hungary"]
[Date "2011.04.17"]
[Round "9.11"]
[White "Balogh, Pal"]
[Black "Aczel, Tibor"]
[Result "1-0"]
[WhiteElo "1834"]
[BlackElo "1855"]
[PlyCount "135"]
[EventDate "2010.09.12"]
[EventType "team-tourn"]
[EventRounds "11"]
[EventCountry "HUN"]
[SourceTitle "EXT 2012"]
[Source "ChessBase"]
[SourceDate "2011.11.24"]
[SourceVersion "1"]
[SourceVersionDate "2011.11.24"]
[SourceQuality "1"]
[WhiteTeam "Matra"]
[BlackTeam "Honved"]
[WhiteTeamCountry "HUN"]
[BlackTeamCountry "HUN"]

1. e4 e5 2. d4 exd4 3. Nf3 Nc6 4. Bc4 Be7 5. c3 Na5 6. Qxd4 Nxc4 7. Qxc4 d6 8. 0-0 Nf6 9. Bf4 0-0 10. h3 Be6 11. Qe2 Re8 12. c4 Nh5 13. Bh2 g6 14. Nc3 Bf8 15. Rad1 Qc8 16. Rfe1 Nf6 17. Nd4 Bg7 18. Qf1 Nd7 19. f4 Bxd4+ 20. Rxd4 f5 21. e5 dxe5 22. fxe5 Nb6 23. Nd5 Nd7 24. Qf4 c6 25. Nf6+ Nxf6 26. exf6 Bf7 27. Re7 Rxe7 28. fxe7 Qe6 29. Qe5 Re8 30. Qxe6 Bxe6 31. Bd6 Kf7 32. b3 b6 33. Kf2 Bc8 34. c5 b5 35. Ke3 Be6 36. Rh4 h5 37. Rd4 Bc8 38. Kf4 Kf6 39. Rd2 Be6 40. Re2 Bd7 41. Re3 g5+ 42. Kf3 Be6 43. Rc3 Bd5+ 44. Kf2 Be6 45. Re3 Bf7 46. Ke2 Bd5 47. Kf2 Be6 48. b4 Kf7 49. Ra3 Ra8 50. Ra6 Bd7 51. Ke3 Be8 52. Kd4 Bd7 53. Ra3 Be8 54. Re3 Kf6 55. Bc7 Rc8 56. Bd8 Ra8 57. Kc3 Rc8 58. Rd3 Kf7 59. Rd6 Kg7 60. Kd4 g4 61. Ba5 Rb8 62. Rd8 Rb7 63. Rxe8 Kf7 64. Rf8+ Kxe7 65. Rxf5 Rd7+ 66. Ke3 gxh3 67. gxh3 Ke6 68. Rxh5 1-0

[Event "Eger Osz op"]
[Site "Eger"]
[Date "2009.10.23"]
[Round "3"]
[White "Balogh, Pal"]
[Black "Peczely, Sebastian Zsombor"]
[Result "1-0"]
[WhiteElo "1895"]
[BlackElo "1554"]
[PlyCount "85"]
[EventDate "2009.10.22"]
[EventType "swiss"]
[EventRounds "7"]
[EventCountry "HUN"]
[SourceTitle "EXT 2011"]
[Source "ChessBase"]
[SourceDate "2010.11.26"]
[SourceVersion "1"]
[SourceVersionDate "2010.11.26"]
[SourceQuality "1"]

1. e4 e5 2. d4 exd4 3. Nf3 Bb4+ 4. c3 dxc3 5. bxc3 Be7 6. Bc4 c6 7. Qd4 d5 8. Bb3 Bf6 9. e5 Be7 10. 0-0 Be6 11. Re1 Nd7 12. Qf4 h6 13. Qg3 Bf8 14. Nd4 Nc5 15. f4 Ne7 16. Bc2 g6 17. Kh1 Qd7 18. Nd2 Bf5 19. Bd1 Ne6 20. Nxf5 Nxf5 21. Qf3 Bc5 22. Nb3 Be7 23. g4 Nh4 24. Qf2 g5 25. f5 Nf8 26. Be3 b6 27. a4 Nh7 28. e6 fxe6 29. fxe6 Qc7 30. Qf7+ Kd8 31. Bd4 Rf8 32. Qxh7 Qf4 33. Qd3 Bd6 34. Bg1 Ke7 35. Nd4 Rac8 36. Qh7+ Kf6 37. Be2 Qe4+ 38. Qxe4 dxe4 39. Rf1+ Ke7 40. Rxf8 Rxf8 41. Nxc6+ Kxe6 42. Nxa7 Ng6 43. Rf1 1-0

[Event "HUN-ch Seniors"]
[Site "Ajka"]
[Date "2009.06.25"]
[Round "5"]
[White "Papp, Karoly"]
[Black "Balogh, Pal"]
[Result "1/2-1/2"]
[WhiteElo "1900"]
[BlackElo "1942"]
[PlyCount "43"]
[EventDate "2009.06.22"]
[EventType "swiss"]
[EventRounds "9"]
[EventCountry "HUN"]
[SourceTitle "EXT 2011"]
[Source "ChessBase"]
[SourceDate "2010.11.26"]
[SourceVersion "1"]
[SourceVersionDate "2010.11.26"]
[SourceQuality "1"]

1. e4 c5 2. Nf3 Nf6 3. Nc3 d5 4. exd5 Nxd5 5. d4 Nxc3 6. bxc3 e6 7. Bb5+ Bd7 8. c4 Bxb5 9. cxb5 Qa5+ 10. Bd2 Qxb5 11. Rb1 Qc6 12. 0-0 Nd7 13. Re1 Be7 14. Bg5 f6 15. Be3 b6 16. c3 0-0 17. Bf4 Rfe8 18. Rb2 Rad8 19. Rbe2 Nf8 20. Re3 Ng6 21. Bg3 Bd6 22. dxc5 1/2-1/2

[Event "HUN-ch Seniors"]
[Site "Ajka"]
[Date "2009.06.22"]
[Round "1"]
[White "Balogh, Pal"]
[Black "Paksa, Rudolf"]
[Result "1/2-1/2"]
[WhiteElo "1942"]
[BlackElo "2197"]
[PlyCount "103"]
[EventDate "2009.06.22"]
[EventType "swiss"]
[EventRounds "9"]
[EventCountry "HUN"]
[SourceTitle "EXT 2011"]
[Source "ChessBase"]
[SourceDate "2010.11.26"]
[SourceVersion "1"]
[SourceVersionDate "2010.11.26"]
[SourceQuality "1"]

1. e4 e5 2. d4 exd4 3. Nf3 Nc6 4. Bc4 Nf6 5. 0-0 Be7 6. Re1 d6 7. Nxd4 Bd7 8. Nc3 0-0 9. Bf4 Ne5 10. Bb3 Bg4 11. f3 Bd7 12. Qe2 a5 13. a3 a4 14. Ba2 Re8 15. Rad1 Ng6 16. Be3 Bf8 17. g4 c6 18. Nf5 Be6 19. Bb1 Qc7 20. f4 Nxe4 21. Nxe4 d5 22. Nh6+ Kh8 23. f5 Bxf5 24. gxf5 Rxe4 25. fxg6 hxg6 26. c3 Re6 27. Nxf7+ Qxf7 28. Qf2 Qe7 29. Bd4 Re8 30. Rxe6 Qxe6 31. Qh4+ Kg8 32. Qg3 Bd6 33. Qxg6 Bxh2+ 34. Kh1 Qxg6 35. Bxg6 Re2 36. Rf1 Bd6 37. Rf2 Re1+ 38. Kg2 c5 39. Bxc5 Bxc5 40. Rf1 Rxf1 41. Kxf1 Be3 42. Bc2 Bc1 43. b3 Bxa3 44. bxa4 Kf7 45. Ke2 Bb2 46. Kd2 g5 47. Bd1 b6 48. Bf3 Ke6 49. Bg4+ Kf6 50. Bf3 Ke6 51. Bg4+ Kd6 52. Bf3 1/2-1/2

[Event "Bader Memorial op"]
[Site "Heves"]
[Date "2009.03.29"]
[Round "7"]
[White "Engel, Tibor"]
[Black "Balogh, Pal"]
[Result "1/2-1/2"]
[WhiteElo "1815"]
[BlackElo "1966"]
[PlyCount "31"]
[EventDate "2009.03.26"]
[EventType "swiss"]
[EventRounds "7"]
[EventCountry "HUN"]
[SourceTitle "EXT 2011"]
[Source "ChessBase"]
[SourceDate "2010.11.26"]
[SourceVersion "1"]
[SourceVersionDate "2010.11.26"]
[SourceQuality "1"]

1. d4 Nf6 2. c4 g6 3. Nf3 Bg7 4. g3 0-0 5. Bg2 d6 6. 0-0 Nbd7 7. Nc3 e5 8. dxe5 Nxe5 9. Nxe5 dxe5 10. Qxd8 Rxd8 11. Bg5 Rd4 12. b3 c6 13. Rad1 Bf5 14. Be3 Rxd1 15. Rxd1 h6 16. a3 1/2-1/2

[Event "HUN-chT2 Maroczy 0809"]
[Site "Hungary"]
[Date "2008.11.02"]
[Round "2"]
[White "Horvath, Antal Jr"]
[Black "Balogh, Pal"]
[Result "1-0"]
[WhiteElo "1993"]
[BlackElo "1993"]
[PlyCount "89"]
[EventDate "2008.10.26"]
[EventType "team-tourn"]
[EventRounds "11"]
[EventCountry "HUN"]
[SourceTitle "EXT 2010"]
[Source "ChessBase"]
[SourceDate "2010.11.25"]
[SourceVersion "1"]
[SourceVersionDate "2010.11.25"]
[SourceQuality "1"]
[WhiteTeam "Oroshaza"]
[BlackTeam "Matra"]
[WhiteTeamCountry "HUN"]
[BlackTeamCountry "HUN"]

1. e4 c5 2. Nf3 Nf6 3. Nc3 d5 4. e5 d4 5. exf6 dxc3 6. fxg7 cxd2+ 7. Bxd2 Bxg7 8. Bc4 Nc6 9. Ng5 Ne5 10. Qh5 e6 11. Bc3 h6 12. Nxf7 Nxf7 13. Bxg7 Rg8 14. Rd1 Qg5 15. Qxg5 hxg5 16. Bc3 Bd7 17. Bd3 Ke7 18. Be4 Nd6 19. Bh7 Rgf8 20. Bd2 Nf7 21. Be3 Rac8 22. f3 b6 23. Bg6 g4 24. fxg4 Bc6 25. 0-0 Bd5 26. Rxf7+ Rxf7 27. Bxf7 Kxf7 28. a3 a5 29. h4 Rh8 30. Rf1+ Ke7 31. h5 Be4 32. c3 Bd3 33. Rf2 Rg8 34. g5 Rh8 35. g4 e5 36. Kg2 Rf8 37. Rxf8 Kxf8 38. Kg3 Kf7 39. g6+ Kf6 40. Kh4 Bc2 41. Bg5+ Ke6 42. Bd8 e4 43. Bxb6 e3 44. Bxc5 e2 45. Bf2 1-0

[Event "Eger Tavasz op"]
[Site "Eger"]
[Date "2008.05.04"]
[Round "7"]
[White "Balogh, Pal"]
[Black "Simko, Lorant"]
[Result "1-0"]
[WhiteElo "2005"]
[BlackElo "1735"]
[PlyCount "49"]
[EventDate "2008.05.01"]
[EventType "swiss"]
[EventRounds "7"]
[EventCountry "HUN"]
[SourceTitle "EXT 2011"]
[Source "ChessBase"]
[SourceDate "2010.11.26"]
[SourceVersion "1"]
[SourceVersionDate "2010.11.26"]
[SourceQuality "1"]

1. e4 e5 2. d4 exd4 3. Nf3 Bb4+ 4. c3 dxc3 5. bxc3 Be7 6. Bc4 c6 7. Qb3 d5 8. exd5 b5 9. Be2 Qxd5 10. Qxd5 cxd5 11. Nd4 a6 12. a4 b4 13. Bf3 Ra7 14. Bf4 bxc3 15. Bxb8 Rb7 16. Be5 f6 17. Bf4 Bc5 18. Be3 Re7 19. 0-0 Bxd4 20. Bxd4 c2 21. Nc3 Bb7 22. Rac1 Nh6 23. Nxd5 Rd7 24. Bh5+ Nf7 25. Rfe1+ 1-0

[Event "Eger Tavasz op"]
[Site "Eger"]
[Date "2008.05.04"]
[Round "6"]
[White "Kovacs, Klara"]
[Black "Balogh, Pal"]
[Result "1-0"]
[WhiteElo "1910"]
[BlackElo "2005"]
[PlyCount "75"]
[EventDate "2008.05.01"]
[EventType "swiss"]
[EventRounds "7"]
[EventCountry "HUN"]
[SourceTitle "EXT 2011"]
[Source "ChessBase"]
[SourceDate "2010.11.26"]
[SourceVersion "1"]
[SourceVersionDate "2010.11.26"]
[SourceQuality "1"]

1. e4 c5 2. Nf3 Nf6 3. e5 Nd5 4. Nc3 e6 5. Nxd5 exd5 6. d4 c4 7. c3 d6 8. Be2 Be7 9. 0-0 0-0 10. Bf4 Nc6 11. Qc2 h6 12. Rfe1 b5 13. exd6 Bxd6 14. Bxd6 Qxd6 15. Nh4 Qf6 16. g3 a5 17. f4 Bh3 18. Bf1 Bxf1 19. Kxf1 Ne7 20. Re5 g5 21. Nf5 Nxf5 22. Rxf5 Qg6 23. fxg5 hxg5 24. Qf2 Ra6 25. Kg2 Rd6 26. Re1 f6 27. Qf3 b4 28. g4 Qf7 29. h4 gxh4 30. Rh1 Qe6 31. Rxh4 Re8 32. Qh3 Qe2+ 33. Rf2 Qe4+ 34. Kh2 Kg7 35. g5 Qd3 36. gxf6+ Kf8 37. Rh8+ Kf7 38. Rh7+ 1-0

[Event "Eger Tavasz op"]
[Site "Eger"]
[Date "2008.05.03"]
[Round "5"]
[White "Balogh, Pal"]
[Black "Tesik, Peter"]
[Result "1-0"]
[WhiteElo "2005"]
[BlackElo "1807"]
[PlyCount "41"]
[EventDate "2008.05.01"]
[EventType "swiss"]
[EventRounds "7"]
[EventCountry "HUN"]
[SourceTitle "EXT 2011"]
[Source "ChessBase"]
[SourceDate "2010.11.26"]
[SourceVersion "1"]
[SourceVersionDate "2010.11.26"]
[SourceQuality "1"]

1. e4 e5 2. d4 exd4 3. Nf3 Nc6 4. Bc4 Bc5 5. Ng5 Ne5 6. Nxf7 Nxf7 7. Bxf7+ Kxf7 8. Qh5+ g6 9. Qxc5 Nf6 10. Qxd4 Re8 11. Nc3 d6 12. 0-0 Be6 13. Bg5 a6 14. f4 c5 15. Qf2 Kg8 16. e5 Ng4 17. Qd2 Qd7 18. h3 h6 19. Bh4 g5 20. hxg4 gxh4 21. f5 1-0

[Event "Eger Tavasz op"]
[Site "Eger"]
[Date "2008.05.02"]
[Round "2"]
[White "Hando, Vilmos"]
[Black "Balogh, Pal"]
[Result "1-0"]
[WhiteElo "2234"]
[BlackElo "2005"]
[PlyCount "33"]
[EventDate "2008.05.01"]
[EventType "swiss"]
[EventRounds "7"]
[EventCountry "HUN"]
[SourceTitle "EXT 2011"]
[Source "ChessBase"]
[SourceDate "2010.11.26"]
[SourceVersion "1"]
[SourceVersionDate "2010.11.26"]
[SourceQuality "1"]

1. d4 Nf6 2. Nf3 g6 3. Bg5 Bg7 4. Nbd2 0-0 5. c3 d5 6. e3 Nc6 7. Bb5 Bd7 8. 0-0 Qe8 9. Bd3 e5 10. e4 exd4 11. Re1 Qe6 12. e5 Ne4 13. Bxe4 dxc3 14. bxc3 dxe4 15. Nxe4 Nxe5 16. Nxe5 Bxe5 17. Nf6+ 1-0

[Event "Eger Tel op"]
[Site "Eger"]
[Date "2008.01.27"]
[Round "6"]
[White "Balogh, Pal"]
[Black "Benedek, Istvan"]
[Result "1/2-1/2"]
[WhiteElo "2030"]
[BlackElo "1864"]
[PlyCount "21"]
[EventDate "2008.01.24"]
[EventType "swiss"]
[EventRounds "7"]
[EventCountry "HUN"]
[SourceTitle "EXT 2011"]
[Source "ChessBase"]
[SourceDate "2010.11.26"]
[SourceVersion "1"]
[SourceVersionDate "2010.11.26"]
[SourceQuality "1"]

1. e4 c5 2. Nf3 Nc6 3. d4 cxd4 4. Nxd4 e6 5. Nc3 d6 6. Be2 Nf6 7. 0-0 Be7 8. Nxc6 bxc6 9. f4 Qb6+ 10. Kh1 0-0 11. Qe1 1/2-1/2

[Event "Eger Tel op"]
[Site "Eger"]
[Date "2008.01.25"]
[Round "2"]
[White "Balogh, Pal"]
[Black "Guivan, Vasily"]
[Result "0-1"]
[WhiteElo "2030"]
[BlackElo "2235"]
[PlyCount "40"]
[EventDate "2008.01.24"]
[EventType "swiss"]
[EventRounds "7"]
[EventCountry "HUN"]
[SourceTitle "EXT 2011"]
[Source "ChessBase"]
[SourceDate "2010.11.26"]
[SourceVersion "1"]
[SourceVersionDate "2010.11.26"]
[SourceQuality "1"]

1. e4 c5 2. Nf3 Nc6 3. d4 cxd4 4. Nxd4 Nf6 5. Nc3 g6 6. h3 Bg7 7. Be3 0-0 8. Bc4 Nxe4 9. Bxf7+ Rxf7 10. Nxe4 h6 11. c3 d5 12. Ng3 e5 13. Nf3 d4 14. Bd2 Be6 15. Qc2 e4 16. Nxd4 Bc4 17. Nxe4 Ne5 18. Nc5 Qd5 19. Nde6 Nd3+ 20. Nxd3 Bxd3 0-1

[Event "Gyongyos Matra Cup"]
[Site "Gyongyos"]
[Date "2001.04.15"]
[Round "7.15"]
[White "Kovacs, Robert"]
[Black "Balogh, Pal"]
[Result "0-1"]
[WhiteElo "2016"]
[BlackElo "2095"]
[PlyCount "100"]
[EventDate "2001.04.13"]
[EventType "swiss"]
[EventRounds "7"]
[EventCountry "HUN"]
[SourceTitle "EXT 2004"]
[Source "ChessBase"]
[SourceDate "2003.11.25"]
[SourceVersion "1"]
[SourceVersionDate "2003.11.25"]
[SourceQuality "1"]

1. e4 c5 2. Nf3 Nf6 3. Nc3 d5 4. Bb5+ Bd7 5. Bxd7+ Qxd7 6. exd5 Nxd5 7. Nxd5 Qxd5 8. d3 e6 9. 0-0 Be7 10. Re1 Nc6 11. Qe2 0-0 12. Qe4 Rfd8 13. Qxd5 Rxd5 14. a3 Bf6 15. Rb1 b5 16. Be3 b4 17. Nd2 a5 18. Ne4 Bd4 19. Nd2 Rb8 20. h3 h6 21. Nb3 a4 22. Nd2 Rbd8 23. Nc4 b3 24. c3 Bxe3 25. Rxe3 Rxd3 26. Rxd3 Rxd3 27. Nb6 Na5 28. Nxa4 Rd5 29. Nb6 Rd8 30. Kf1 Kf8 31. Ke2 Ke7 32. f4 Rb8 33. Na4 Rb5 34. Rd1 c4 35. Rd4 Rd5 36. Nb6 Rxd4 37. cxd4 c3 38. Na4 c2 39. Kd2 Nc4+ 40. Kc1 Kd6 41. Nc5 Na5 42. Kd2 Kd5 43. Nd3 Kxd4 44. Ne5 f6 45. Nf3+ Ke4 46. Ne1 Kxf4 47. Nd3+ Ke4 48. Kc3 e5 49. Nc1 Ke3 50. a4 e4 0-1